000 00966nam a22002417a 4500
005 20200104041736.0
008 160201b2009 pe ado |r|||| 00| 0 spa d
020 _a9789588554129
040 _aCO-BoIAVH
_cCO-BoIAVH
041 0 _aspa
044 _ack
082 0 4 _a333.956
_bO77p
100 1 _aOrtiz Ramírez, Jenny Lorena
245 1 0 _aPrograma de manejo pesquero en el lago Caballo Cocha, Provincia Mariscal Ramón Castilla /
_cpor Jenny Lorena Ortiz Ramírez, Fernando Trujillo González y Carlos Marcial Perea Sicchar
260 _aLima?:
_bGobierno regional de Loreto :
_bFundación Omacha,
_c2009.
300 _a116 páginas :
_bilustraciones, tablas, fotografías a color ;
_c28 x 21 cm.
650 4 _aEvaluación y manejo pesquero
650 6 _aFondos de pesca
_vPlanes de manejo
651 4 _aPerú
_zCaballo Cocha
700 1 _aTrujillo, Fernando
700 1 _aPerea Sicchar, Carlos
942 _2ddc
_cLIBRO
999 _c18057
_d18057